[Event "Karl Mala Memorial op 10th"]
[Site "Griesheim"]
[Date "2006.07.23"]
[Round "7"]
[White "Cohn, Irina"]
[Black "Vogt, Oliver"]
[Result "1/2-1/2"]
[WhiteElo "2049"]
[BlackElo "1502"]
[PlyCount "63"]
[EventDate "2006.07.20"]
[EventType "swiss"]
[EventRounds "7"]
[EventCountry "GER"]
[SourceTitle "CBM 113 Extra"]
[Source "ChessBase"]
[SourceDate "2006.09.14"]
[SourceVersion "1"]
[SourceVersionDate "2006.09.14"]
[SourceQuality "1"]

1. Nf3 c5 2. b3 e6 3. Bb2 Nf6 4. g3 Nc6 5. Bg2 Be7 6. 0-0 0-0 7. d3 d6 8. Nbd2 Bd7 9. c4 Qc7 10. Ne4 e5 11. Nxf6+ Bxf6 12. Nd2 Be7 13. Ne4 f5 14. Nc3 Bg5 15. Nd5 Qd8 16. f4 exf4 17. Nxf4 Bf6 18. Bxf6 Qxf6 19. e3 Rae8 20. Nd5 Qd8 21. e4 fxe4 22. Rxf8+ Rxf8 23. dxe4 b6 24. Qd2 Nd4 25. Rf1 Rxf1+ 26. Kxf1 Be6 27. Qf2 Bxd5 28. exd5 Qf8 29. Qxf8+ Kxf8 30. Be4 h6 31. Kf2 Kf7 32. Bd3 1/2-1/2

[Event "Karl Mala Memorial op 10th"]
[Site "Griesheim"]
[Date "2006.07.23"]
[Round "6"]
[White "Hanke, Stefan"]
[Black "Vogt, Oliver"]
[Result "1-0"]
[WhiteElo "1883"]
[BlackElo "1502"]
[PlyCount "41"]
[EventDate "2006.07.20"]
[EventType "swiss"]
[EventRounds "7"]
[EventCountry "GER"]
[SourceTitle "CBM 113 Extra"]
[Source "ChessBase"]
[SourceDate "2006.09.14"]
[SourceVersion "1"]
[SourceVersionDate "2006.09.14"]
[SourceQuality "1"]

1. d4 d5 2. c4 e6 3. Nc3 Nf6 4. cxd5 exd5 5. Bg5 Be7 6. Qc2 0-0 7. e3 c6 8. Bd3 h6 9. Bh4 Be6 10. Nge2 Nbd7 11. 0-0 Nh5 12. Bxe7 Qxe7 13. Rae1 f5 14. Nf4 Nxf4 15. exf4 Qf7 16. Nb1 Rae8 17. Nd2 Re7 18. Nf3 Kh8 19. Qa4 a6 20. Qb4 Rb8 21. Bxf5 1-0

[Event "Karl Mala Memorial op 10th"]
[Site "Griesheim"]
[Date "2006.07.21"]
[Round "2"]
[White "Hennrich, Reinhard"]
[Black "Vogt, Oliver"]
[Result "1-0"]
[WhiteElo "1917"]
[BlackElo "1502"]
[PlyCount "37"]
[EventDate "2006.07.20"]
[EventType "swiss"]
[EventRounds "7"]
[EventCountry "GER"]
[SourceTitle "CBM 113 Extra"]
[Source "ChessBase"]
[SourceDate "2006.09.14"]
[SourceVersion "1"]
[SourceVersionDate "2006.09.14"]
[SourceQuality "1"]

1. d4 d5 2. c4 e6 3. Nc3 Nf6 4. Nf3 Be7 5. e3 0-0 6. Bd3 b6 7. 0-0 Bb7 8. Re1 c5 9. cxd5 Nxd5 10. e4 cxd4 11. exd5 dxc3 12. dxe6 cxb2 13. Bxb2 fxe6 14. Nd4 Bd5 15. Qh5 h6 16. Nxe6 Bxe6 17. Rxe6 Bf6 18. Bxf6 Rxf6 19. Re8+ 1-0

[Event "Karl Mala Memorial op 09th"]
[Site "Frankfurt"]
[Date "2005.07.31"]
[Round "6"]
[White "Vogt, Oliver"]
[Black "Niedenthal, Robert"]
[Result "1-0"]
[WhiteElo "1399"]
[BlackElo "1822"]
[PlyCount "161"]
[EventDate "2005.07.28"]
[EventType "swiss"]
[EventRounds "7"]
[EventCountry "GER"]
[SourceTitle "EXT 2006"]
[Source "ChessBase"]
[SourceDate "2005.11.24"]
[SourceVersion "1"]
[SourceVersionDate "2005.11.24"]
[SourceQuality "1"]

1. e4 d5 2. exd5 Nf6 3. d4 Bg4 4. Be2 Bxe2 5. Nxe2 Qxd5 6. 0-0 Nc6 7. b3 0-0-0 8. Bb2 e6 9. c4 Qf5 10. Nd2 Bd6 11. Nf3 h5 12. Qc1 g5 13. a3 h4 14. Qxg5 Qc2 15. Qd2 Qxb3 16. Qc3 Qxc3 17. Bxc3 Ne4 18. Bb2 f6 19. Nc3 Nxc3 20. Bxc3 e5 21. dxe5 fxe5 22. Rfe1 Rh5 23. Re4 Rdh8 24. h3 Kd7 25. a4 Ke6 26. Rae1 b6 27. Nd4+ Nxd4 28. Bxd4 Rf8 29. f3 Rff5 30. Bf2 Be7 31. Kf1 c5 32. Rg4 Bg5 33. Be3 Kf6 34. Bxg5+ Rfxg5 35. Kf2 Rxg4 36. hxg4 Rh7 37. Rd1 Ke6 38. Rd8 h3 39. gxh3 Rxh3 40. Kg2 Rh7 41. Rc8 Rf7 42. Rh8 Kd7 43. Kg3 Kc6 44. Rh6+ Kb7 45. Re6 Rf4 46. g5 Rxc4 47. g6 Rd4 48. Re8 Rd6 49. Re7+ Ka6 50. g7 Rg6+ 51. Kh4 c4 52. Kh5 Rg1 53. Kh6 Ka5 54. Re8 Kxa4 55. g8Q Rxg8 56. Rxg8 b5 57. Re8 c3 58. Rxe5 c2 59. Rc5 Kb3 60. f4 b4 61. f5 Kb2 62. f6 a5 63. f7 c1Q+ 64. Rxc1 Kxc1 65. f8Q b3 66. Qc5+ Kb1 67. Qxa5 b2 68. Kg5 Kc1 69. Qc3+ Kb1 70. Kf4 Ka2 71. Qc2 Ka1 72. Qa4+ Kb1 73. Ke3 Kc1 74. Qc4+ Kd1 75. Qb3+ Kc1 76. Qc3+ Kb1 77. Kd2 Ka2 78. Qc2 Ka3 79. Qb1 Kb3 80. Kd1 Kc3 81. Qc2+ 1-0